| 000 | 00861cam a22001457a 4500 | ||
|---|---|---|---|
| 008 | 180718b-- xxu||||| |||| 00| 0 eng d | ||
| 082 | _aA81x54 91/14/PT3B/B | ||
| 100 | _aCensus of India 1991 | ||
| 245 | _aMaharashtra: economic tables | ||
| 260 |
_aDelhi _bThe Controller of Publication _c-- |
||
| 300 | _a-v- | ||
| 440 | _aCensus of India 1991. Series-14, Maharashtra. Part III B-B series | ||
| 500 | _aLibrary has v.1. 2001. 753+p. Tables B-2(F), B-3(F) and B-6(F);v.2. 2001. 755+p. Tables B-7(F), B-8(F) and B-9(F);v.3. 2001. 1005+p. Tables B-12(F), B-13(i)(F), B-13(ii)(F) and B-14(F);v.4. 2001. 827+p. Tables B-15(i)(F), B-15(ii)(F), B-16(F), B-17(F);v.5. 2002. 829+p. Tables B-18(F) and B-19(F);v.6. 2001. 851+p. Tables B-20(F), B-21(F) Part A & B;v.7. 2001. 1475+p. Tables B-22(F), B-23(F) and B-24(F) | ||
| 650 | _aMaharashtra - Economic surveys - Census | ||
| 999 |
_c490798 _d490798 |
||